MDQL
is popping MORE tags! Check the
thread
!
Quizzes
Events
Quiz Creation
Community
Videos
Private Events
Remove Ads
Sign In
Join for FREE
Feedback
Dark Mode
Quiz Categories
Sports
Geography
Music
Movies
Television
Just For Fun
Miscellaneous
History
Literature
Language
Science
Gaming
Entertainment
Religion
Holiday
For Kids
Quiz Lab
Recent
Popular Today
Quiz Kudos Today
Editor Picks
Curator Picks
Quizzes by...
Day
Popularity
Type
Ratings
Length
Year
Community
Subscriptions
Recent Discussions
Orange Saloon
Badges
Playlists
Quests
Create
Leaderboards
Showdown
Live 5
Trivia Bingo
Activity
Puzzle Library
Sporcle Events
Private Events
Virtual Trivia
Globe League
Become a Host
Pub Owners
SporcleCon
Opinionation
Our Games
Videos
Blog
Mobile Apps
Partnerships
Remove Ads and Go Orange
Feedback
Sports
Athletes
MLB
NBA
NHL
NFL
Soccer
Sports Teams
WWE
NCAA
Football
Premier League
Basketball
Baseball
Hockey
Golf
Tennis
Cricket
Rugby
Auto Racing
Olympics
World Cup
Sports
Athletes
MLB
NBA
NHL
NFL
Soccer
Sports Teams
WWE
NCAA
Football
Premier League
Basketball
Baseball
Hockey
Golf
Tennis
Cricket
Rugby
Auto Racing
Olympics
World Cup
Random Quiz
Search Sporcle
×
Quiz Lab
Quiz Lab
Sports
War
Type in answers that appear in a list
Type in answers that appear in a list
Classic
Best Score? Go Orange.
MLB Teams: Top 10 Pitcher Game Scores Stats
Can you name the 10 different pitchers who have the highest Game Scores for each team since integration?
By
slacktivist
20m
300 Questions
130 Plays
130 Plays
130 Plays
Comments
Comments
Give Quiz Kudos
Give Quiz Kudos
-
- Ratings
hide this ad
Replay
Link that replays current quiz
Next Quiz
Link to next quiz in quiz playlist
You Got
0%
They Got
Avg Score
47%
Avg Friend Score
Upgrade to see
Score Distribution
Jump to the score distribution portion of the page
Score
0/300
Timer
20:00
0
Plays Today
WAR Pos
Player
% Correct
Rangers
Nolan Ryan
95.4%
Astros
Nolan Ryan
95.4%
Mets
Nolan Ryan
95.4%
Angels
Nolan Ryan
95.4%
Diamondbacks
Randy Johnson
93.8%
Mariners
Randy Johnson
93.8%
Red Sox
Pedro Martínez
92.3%
Blue Jays
Roger Clemens
92.3%
Dodgers
Ramon Martínez
92.3%
Red Sox
Roger Clemens
92.3%
Yankees
Roger Clemens
92.3%
Nationals/
Expos
Pedro Martínez
92.3%
Nationals/
Expos
Dennis Martínez
92.3%
Mariners
Félix Hernández
92.3%
Dodgers
Sandy Koufax
90.8%
Blue Jays
Roy Halladay
90.8%
Phillies
Roy Halladay
90.8%
Braves
Greg Maddux
90%
Braves
John Smoltz
90%
Cubs
Kerry Wood
89.2%
Reds
Travis Wood
89.2%
Twins
Johan Santana
88.5%
Angels
Ervin Santana
88.5%
Twins
Ervin Santana
88.5%
Dodgers
Clayton Kershaw
87.7%
Mets
Tom Seaver
87.7%
Tigers
Justin Verlander
87.7%
Diamondbacks
Curt Schilling
86.9%
Phillies
Curt Schilling
86.9%
Orioles
Mike Mussina
86.2%
Yankees
Mike Mussina
86.2%
Padres
Kevin Brown
86.2%
Marlins
Kevin Brown
86.2%
Mets
Sid Fernandez
85.4%
Marlins
Alex Fernandez
84.6%
Cardinals
Chris Carpenter
84.6%
Nationals/
Expos
Max Scherzer
83.8%
Mets
David Cone
83.8%
Yankees
David Cone
83.8%
Giants
Tim Lincecum
83.8%
Giants
Matt Cain
83.1%
Indians
Corey Kluber
83.1%
Cubs
Jake Arrieta
83.1%
Braves
Warren Spahn
82.3%
Phillies
Steve Carlton
82.3%
Cardinals
Steve Carlton
82.3%
Giants
Madison Bumgarner
81.5%
Rockies
Ubaldo Jiménez
81.5%
Cardinals
Adam Wainwright
81.5%
Brewers
Zack Greinke
80.8%
Cardinals
José Jiménez
80.8%
Diamondbacks
Zack Greinke
80.8%
Yankees
David Wells
80%
Athletics
Tim Hudson
80%
Cardinals
Bob Gibson
80%
Brewers
CC Sabathia
79.2%
Red Sox
Jon Lester
79.2%
Royals
Bret Saberhagen
79.2%
Tigers
Jack Morris
79.2%
Cardinals
Matt Morris
79.2%
Padres
Jake Peavy
79.2%
Rays
James Shields
76.9%
Phillies
Cole Hamels
76.9%
Angels
Jered Weaver
76.9%
Brewers
Ben Sheets
76.2%
Tigers
Jeff Weaver
76.2%
Reds
Johnny Cueto
76.2%
Cubs
Carlos Zambrano
75.4%
Rangers
Ferguson Jenkins
74.6%
Giants
Jonathan Sanchez
73.8%
Rangers
Kenny Rogers
73.8%
Rangers
Gaylord Perry
73.8%
Tigers
Aníbal Sánchez
73.8%
Giants
Juan Marichal
73.8%
Giants
Gaylord Perry
73.8%
Marlins
Aníbal Sánchez
73.8%
Rays
Chris Archer
73.1%
Angels
John Lackey
72.3%
Angels
Chuck Finley
72.3%
Padres
Jimmy Jones
72.3%
Mets
Matt Harvey
71.5%
Athletics
Dave Stewart
71.5%
Indians
Bartolo Colon
71.5%
Indians
Bob Feller
71.5%
Athletics
Catfish Hunter
70.8%
Diamondbacks
Brandon Webb
70.8%
White Sox
Zach Stewart
70.8%
Marlins
Josh Beckett
70%
Twins
Gerry Arrigo
69.2%
Red Sox
Hideo Nomo
69.2%
Athletics
Vida Blue
69.2%
Rangers
Yu Darvish
68.5%
Athletics
Mark Mulder
68.5%
Indians
Sam McDowell
68.5%
Marlins
Dontrelle Willis
68.5%
White Sox
Mark Buehrle
67.7%
Blue Jays
Dave Stieb
66.9%
Astros
Mike Scott
66.9%
Astros
Don Wilson
66.9%
Braves
Jim Wilson
66.9%
WAR Pos
Player
% Correct
Giants
Trevor Wilson
66.9%
Nationals/
Expos
Stephen Strasburg
66.2%
Dodgers
Don Sutton
66.2%
Royals
Kevin Appier
66.2%
Angels
Dan Haren
65.4%
Astros
J.R. Richard
65.4%
Diamondbacks
Dan Haren
65.4%
Rays
Scott Kazmir
64.6%
Mets
R.A. Dickey
63.8%
Rangers
Bert Blyleven
63.8%
Yankees
Stan Williams
63.8%
Pirates
Bert Blyleven
63.8%
Phillies
Kevin Millwood
63.8%
Twins
Bert Blyleven
63.8%
Yankees
Ron Guidry
63.1%
Rockies
Jon Gray
62.3%
Blue Jays
Pat Hentgen
62.3%
Mariners
James Paxton
62.3%
Marlins
Edinson Vólquez
61.5%
Giants
Jason Schmidt
61.5%
Reds
Jose Rijo
61.5%
Cardinals
Jaime García
61.5%
Marlins
Al Leiter
61.5%
Cardinals
Shelby Miller
59.2%
Orioles
Mike Cuellar
59.2%
Mets
Jerry Koosman
59.2%
Tigers
Jim Bunning
58.5%
Phillies
Jim Bunning
58.5%
Astros
Wade Miller
58.5%
Braves
Kevin Millwood
58.5%
Diamondbacks
Ian Kennedy
56.9%
Indians
Dennis Eckersley
56.2%
Mariners
Mike Moore
56.2%
Royals
Mark Gubicza
56.2%
Indians
Carlos Carrasco
56.2%
Rays
Joe Kennedy
56.2%
Blue Jays
Jimmy Key
55.4%
Reds
Tom Browning
54.6%
Angels
Mike Witt
54.6%
Brewers
Matt Garza
54.6%
Orioles
Dave McNally
54.6%
Rays
Matt Garza
54.6%
Orioles
Erik Bedard
53.8%
Athletics
Bobby Witt
53.8%
Mariners
Taijuan Walker
53.8%
Nationals/
Expos
Jordan Zimmermann
53.8%
Brewers
Teddy Higuera
53.1%
Braves
Julio Teheran
53.1%
Athletics
Ken Holtzman
52.3%
Nationals/
Expos
Javier Vázquez
51.5%
Astros
Darryl Kile
51.5%
Red Sox
Clay Buchholz
51.5%
Rockies
Darryl Kile
51.5%
Mariners
Hisashi Iwakuma
51.5%
Angels
Dean Chance
50.8%
Yankees
John Candelaria
50.8%
Pirates
John Candelaria
50.8%
Reds
Homer Bailey
49.2%
Indians
Len Barker
48.5%
Rockies
Jeff Francis
45.4%
Padres
Andy Benes
45.4%
Diamondbacks
Robbie Ray
44.6%
Mariners
Aaron Harang
44.6%
White Sox
LaMarr Hoyt
43.8%
Marlins
Brad Penny
43.1%
Padres
Eric Show
43.1%
Reds
Jim Maloney
41.5%
Dodgers
Chan Ho Park
41.5%
Tigers
Woodie Fryman
41.5%
Pirates
Bob Friend
41.5%
Mariners
Erik Hanson
40.8%
Athletics
Dallas Braden
40.8%
Yankees
Don Larsen
40.8%
White Sox
Phil Humber
38.5%
Royals
Paul Splittorff
37.7%
White Sox
Mélido Pérez
37.7%
Braves
Jair Jurrjens
36.9%
Royals
Danny Duffy
36.2%
Royals
Charlie Leibrandt
35.4%
Reds
Joey Jay
34.6%
Brewers
Kyle Lohse
34.6%
Orioles
Milt Pappas
34.6%
Marlins
Ricky Nolasco
34.6%
Astros
Gerrit Cole
33.8%
Rockies
Jason Jennings
32.3%
Astros
Mike Fiers
31.5%
Braves
Phil Niekro
31.5%
Pirates
Harvey Haddix
31.5%
Padres
Bruce Hurst
31.5%
Blue Jays
Jim Clancy
30.8%
White Sox
Billy Pierce
30.8%
Rockies
Pedro Astacio
30%
Phillies
Vince Velasquez
30%
Rays
Steve Trachsel
30%
Blue Jays
Brandon Morrow
28.5%
Twins
Kevin Tapani
28.5%
Nationals/
Expos
Jeff Fassero
27.7%
Brewers
Cal Eldred
27.7%
Orioles
Wayne Garland
27.7%
White Sox
Floyd Bannister
27.7%
WAR Pos
Player
% Correct
White Sox
Britt Burns
26.9%
Diamondbacks
Albie Lopez
26.9%
Reds
John Smiley
26.9%
Nationals/
Expos
Bill Stoneman
26.9%
Royals
Steve Busby
26.9%
Phillies
Terry Mulholland
26.2%
Blue Jays
Ted Lilly
25.4%
Cubs
Bill Faul
25.4%
Dodgers
Hideo Nomo
25.4%
Padres
Mat Latos
25.4%
Twins
Eric Milton
24.6%
Dodgers
Bill Singer
24.6%
White Sox
Gary Peters
24.6%
Giants
Chris Heston
24.6%
Angels
Bill Singer
24.6%
Rockies
Tyler Chatwood
24.6%
Phillies
Curt Simmons
24.6%
Mets
Rick Reed
23.8%
Rangers
Jim Bibby
23.8%
Yankees
Al Downing
23.8%
Nationals/
Expos
Bill Gullickson
23.8%
Royals
Roger Nelson
23.1%
Tigers
Milt Wilcox
23.1%
Nationals/
Expos
Scott Sanderson
23.1%
Cubs
Milt Pappas
22.3%
Orioles
Hoyt Wilhelm
22.3%
Red Sox
Bill Monbouquette
22.3%
Tigers
Virgil Trucks
21.5%
Tigers
Scott Sanders
20.8%
Padres
Andrew Cashner
20%
Padres
Clay Kirby
18.5%
Diamondbacks
Patrick Corbin
18.5%
Mets
Chris Capuano
17.7%
Rays
Drew Smyly
17.7%
Rockies
Jason Marquis
16.9%
Yankees
Bob Turley
16.9%
Indians
Josh Tomlin
16.9%
Twins
Scott Baker
16.9%
Rockies
Kyle Freeland
16.2%
Braves
Kent Mercker
16.2%
Athletics
Sean Manaea
16.2%
Angels
Kirk McCaskill
15.4%
Athletics
Cory Lidle
15.4%
Reds
Joe Nuxhall
14.6%
Cardinals
Ernie Broglio
14.6%
Cubs
Frank Castillo
13.8%
Brewers
Danny Darwin
13.8%
Rockies
Chad Bettis
13.1%
Dodgers
Kevin Gross
13.1%
Orioles
Dylan Bundy
13.1%
Twins
Jim Merritt
13.1%
Pirates
Woodie Fryman
13.1%
Diamondbacks
Josh Collmenter
12.3%
Pirates
Francisco Córdova
11.5%
Astros
Turk Farrell
11.5%
Pirates
Paul Wagner
11.5%
Giants
Ed Halicki
11.5%
Pirates
José DeLeón
11.5%
Rays
Jeff Niemann
11.5%
Brewers
Marty Pattin
10.8%
Orioles
Tom Phoebus
10.8%
Indians
Sonny Siebert
10.8%
Tigers
John Hiller
10.8%
Cardinals
Harry Brecheen
10.8%
Rangers
Dick Bosman
10%
Mariners
Salomón Torres
10%
Pirates
Nellie Briles
10%
Twins
Dave Goltz
10%
Orioles
Jim Hardin
9.2%
Pirates
Larry McWilliams
9.2%
Marlins
Pat Rapp
8.5%
Rays
Matt Andriese
8.5%
Twins
Dave Boswell
7.7%
Red Sox
Ray Culp
7.7%
Braves
Juan Pizarro
7.7%
Royals
Jim Colborn
7.7%
White Sox
Jim O'Toole
7.7%
Reds
Bruce Berenyi
6.9%
Cubs
Bob Rush
6.2%
Blue Jays
Dustin McGowan
6.2%
Mets
Shawn Estes
6.2%
Phillies
Art Mahaffey
6.2%
Red Sox
Roger Moret
5.4%
Red Sox
Dave Morehead
5.4%
Mariners
Jim Beattie
5.4%
Rangers
Mike Paul
5.4%
Padres
Steve Arlin
4.6%
Cubs
Don Cardwell
3.8%
Cubs
Juan Pizarro
3.8%
Dodgers
Karl Spooner
3.8%
Cubs
Hank Borowy
3.8%
Rangers
Tom Cheney
3.8%
Royals
Hipólito Pichardo
3.8%
Astros
Bob Bruce
3.1%
Red Sox
Mickey McDermott
3.1%
Brewers
Steve Woodard
2.3%
Blue Jays
Jim Gott
2.3%
Indians
John O'Donoghue
2.3%
Rays
Ryan Rupe
2.3%
Dodgers
Mike Kekich
1.5%
Quiz Playlist
Details
Report
Send in Message
Add To Playlist
Classic:
Type in answers that appear in a list
Last Updated: May 4, 2018
Quiz Scoreboard
CHALLENGE
Sign Up to Join the Scoreboard
Show All
Scores
Hide
Comments
May contain spoilers
Recently Published
Image Sorting: Flags VI
by Barbecue
Geography
2m
Find the 'City' Movie
by crazypaving
Movies
60s
Colored Red Africa Blitz
by spor1
Geography
45s
More to Explore
Quiz From the Vault
Featured Blog Post
14 Easter Pick-up Lines to Find Eggs With
hide this ad
You Might Also Like...
Tags
MLB Quiz
War Quiz
Different
highest
Player
pos
score
team
Today's Top Quizzes in Sports
Browse Sports
hide this ad
Today's Top Quizzes in War
Browse War
Top Contributed Quizzes in Sports
1
Les meilleurs buteurs des matchs entre le PSG et l’OM
2
Les entraîneurs de l'OM et du PSG au 21e siècle
3
Les joueurs passés par le PSG et l'OM
4
2022 World Cup Stars
5
Players with Multiple 50 Home Run Seasons
6
Criteria MLB: Left Handed Sluggers
7
Les joueurs passés par le LOSC et le RC Lens
8
NBA Logic Puzzle 2.0
9
MLB Players with Two .350 Batting Average Seasons
10
FIFA Club World Cup Champions
Explore More
Trending Topics
Harry Potter
Anime
NBA
Disney
Marvel
Kpop
Crossword
Song
Puzzle
The Office
Country
WWE
NFL
Soccer
Pokémon
hide this ad
More By:
slacktivist
Quiz
Plays
Rating
Category
Featured
Created
MLB Teams: Last 10 Hitters with .300 Seasons
25,604
4.78
Sports
Apr 26, 2017
MLB: 40 Wins Above Replacement for One Team
12,386
4.81
Sports
Apr 7, 2014
MLB Leaders: Top 10 HR Hitters, Last 30 Seasons
7,156
4.91
Sports
Aug 6, 2015
MLB Leaders: Top 300 Players in Career Home Runs
6,798
4.88
Sports
Feb 6, 2019
MLB: 2010s All-Decade Teams by Career WAR
5,496
4.93
Sports
Mar 25, 2017
Go to Creator's Profile
Score Distribution
Quiz Creator Spotlight
slacktivist
Follow
Send a Message
Quizzes Created
-
Created Quiz Play Count
-
More By This Creator
Popular Quizzes Today
1
Colored Red Africa Blitz
2
Find the US States - No Outlines Minefield
3
Find the 'City' Movie
4
5x2 Blitz: Bands
5
The Countries of the World
6
Find the US States
7
Find the Countries of Europe - No Outlines Minefield
8
US States
More Sports Quizzes
Any NFL Team Besides the Chiefs
Published
Trending Quizzes
Colored Red Europe Blitz I
Colored Red Europe Blitz II
Colored Red Africa Blitz II
Colored Red Europe Blitz III
Colored Red Africa Blitz III
Recently Updated
How Do You Spell That?
pecheneg
Godzilla Movies
pecheneg
Grab Bag: 4-10 Letters
pecheneg
2024 March Madness Bracket
pecheneg
Famous TV Couples
Peacemaker
Champions League XIs: Real Madrid
pecheneg
Largest US Cities 1790-2010
pecheneg
Rides in Walt Disney World
pecheneg
Most Oscar Losses (Acting)
pecheneg
Beyoncé Albums
pecheneg
Trending Topics
Harry Potter
Marvel
Kpop
Anime
Disney
NBA
Crossword
Soccer
Pokémon
The Office
Puzzle
NFL
Country
Song
WWE
Your Account Isn't Verified!
In order to create a playlist on Sporcle, you need to verify the email address you used during registration. Go to your
Sporcle Settings
to finish the process.
Report this User
Report this user for behavior that violates our
Community Guidelines
.
Details:
Send Report
Go to the Sporcle.com Mobile Site →
Comments